<?xml version="1.0" encoding="UTF-8"?>
<record
    xmlns:xsi="http://www.w3.org/2001/XMLSchema-instance"
    xsi:schemaLocation="http://www.loc.gov/MARC21/slim http://www.loc.gov/standards/marcxml/schema/MARC21slim.xsd"
    xmlns="http://www.loc.gov/MARC21/slim">

  <leader>00735nam a22002177a 4500</leader>
  <datafield tag="999" ind1=" " ind2=" ">
    <subfield code="c">7151</subfield>
    <subfield code="d">7151</subfield>
  </datafield>
  <controlfield tag="003">OSt</controlfield>
  <controlfield tag="005">20211222143023.0</controlfield>
  <controlfield tag="008">180705s2018    spca          000 0 spa|d</controlfield>
  <datafield tag="017" ind1=" " ind2=" ">
    <subfield code="a">DL B 2390-2108 </subfield>
    <subfield code="b">Biblioteca de Catalunya</subfield>
  </datafield>
  <datafield tag="020" ind1=" " ind2=" ">
    <subfield code="a">9788417114725</subfield>
  </datafield>
  <datafield tag="040" ind1=" " ind2=" ">
    <subfield code="a">ES-BaUAB</subfield>
    <subfield code="b">cat</subfield>
    <subfield code="c">CDMR</subfield>
  </datafield>
  <datafield tag="100" ind1="1" ind2=" ">
    <subfield code="a">Amor&#xF3;s Garcia, Marc,</subfield>
    <subfield code="e">autor</subfield>
  </datafield>
  <datafield tag="245" ind1="1" ind2="0">
    <subfield code="a">Fake news </subfield>
    <subfield code="b">: la verdad de las noticias falsas /</subfield>
    <subfield code="c">Marc Amor&#xF3;s Garcia ; pr&#xF3;logo de Jordi &#xC9;vole</subfield>
  </datafield>
  <datafield tag="260" ind1=" " ind2=" ">
    <subfield code="a">Barcelona :</subfield>
    <subfield code="b">Plataforma,</subfield>
    <subfield code="c">2018</subfield>
  </datafield>
  <datafield tag="300" ind1=" " ind2=" ">
    <subfield code="a">192 p. :</subfield>
    <subfield code="b">il ;</subfield>
    <subfield code="c">22 cm</subfield>
  </datafield>
  <datafield tag="650" ind1=" " ind2="4">
    <subfield code="a">Desinformaci&#xF3;</subfield>
    <subfield code="9">4286</subfield>
  </datafield>
  <datafield tag="650" ind1=" " ind2="0">
    <subfield code="a">Fake news</subfield>
    <subfield code="9">4796</subfield>
  </datafield>
  <datafield tag="650" ind1="0" ind2="4">
    <subfield code="a">Mitjans de comunicaci&#xF3; de massa</subfield>
    <subfield code="9">3243</subfield>
    <subfield code="x">Manipulaci&#xF3;</subfield>
  </datafield>
  <datafield tag="700" ind1="1" ind2=" ">
    <subfield code="a">&#xC9;vole, Jordi,</subfield>
    <subfield code="e">escriptor d'un pr&#xF2;leg</subfield>
  </datafield>
  <datafield tag="942" ind1=" " ind2=" ">
    <subfield code="c">MON</subfield>
    <subfield code="2">udc</subfield>
  </datafield>
  <datafield tag="952" ind1=" " ind2=" ">
    <subfield code="0">0</subfield>
    <subfield code="1">0</subfield>
    <subfield code="4">0</subfield>
    <subfield code="7">0</subfield>
    <subfield code="a">CDMR</subfield>
    <subfield code="b">CDMR</subfield>
    <subfield code="d">2018-07-05</subfield>
    <subfield code="e">Intercanvi</subfield>
    <subfield code="g">16.00</subfield>
    <subfield code="l">10</subfield>
    <subfield code="m">6</subfield>
    <subfield code="o">Ck 3/22</subfield>
    <subfield code="p">CDMR18071618</subfield>
    <subfield code="r">2020-02-14</subfield>
    <subfield code="s">2019-12-31</subfield>
    <subfield code="v">16.00</subfield>
    <subfield code="w">2018-07-05</subfield>
    <subfield code="y">MON</subfield>
  </datafield>
</record>
